000 00573nam a22001817a 4500
005 20251108172627.0
008 250721s1998 xx 000 0 ara d
082 1 4 _a216.4/سرا
100 1 _aسراج، محمد
_eمؤلف
245 1 0 _aأحكام الوصايا و الأوقاف في الفقه الإسلامي /
264 1 _aالأسكندرية :
_bدار المطبوعات الجامعية،
_c1998.
300 _a388 ص.
650 1 7 _aالفقة الإسلامي
650 1 7 _aالوقف
650 1 7 _aالوصايا
942 _2ddc
_cBK
999 _c84430
_d84430